| 000 | 00834nas a2200277 4500 | ||
|---|---|---|---|
| 001 | BR0904823 | ||
| 003 | BR-BrBNA | ||
| 005 | 20231205113543.0 | ||
| 007 | ta | ||
| 008 | 230509b bl.|||p| |||| 00| 00por d | ||
| 040 |
_aBR-BrBNA _bpor _cBiblioteca Nacional de Agricultura |
||
| 041 | _a(Pt) | ||
| 072 | _aH20 | ||
| 100 | 1 | _aChini, R. | |
| 100 | 1 | _aHamada, E. | |
| 100 | 1 | _aGonçalves, R.R.V. | |
| 100 | 1 | _aGasparotto, L. | |
| 100 | 1 | _aPereira, J.C.R. | |
| 245 | 1 | _aAnálise de risco das mudanças climáticas globais sobre a Sigatoka negra da bananeira no Brasil | |
| 650 | _aBANANEIRA | ||
| 650 | _aBANANA | ||
| 650 | _aSIGATOKA NEGRA | ||
| 773 | 0 |
_tFitopatologia Brasileira (Brazil) _xISSN 0100-4158 _gMay-Jun 2007, v. 32(3) p. 197-204 _wBR0904823 |
|
| 909 |
_a202311 _bLúcia _c55 _dLúcia Elande |
||
| 942 |
_2AGRIS _n0 _cANA |
||
| 999 |
_c204401 _d204401 |
||